000 00650cam a22001814a 4500
005 20250605164357.0
008 250528s ||||||||||||||||||||||||d
035 _a24388
040 _aGR-AtMCL
_bgre
_dGR-AtMCL
_eAACR2
245 1 _aAramco World
260 _bAramco Services Company,
_c2016
300 _a40
520 _aRunning for the Royal Cup, What's So Funny about Lucian the Syrian?, Beirut Sounds Like This, Yarrow Mamout: Freedman, At Home with Harisa, Malika III: Shajarat Al-Durr, Reviews and Recommendations, Events and Exhibitions.
700 1 _aAbul Hamayel Basil A.
_99456
942 _cCR
999 _c9276
_d9276